|
|
|
|
| LEADER |
00000naa a2200000 c 4500 |
| 001 |
191657291X |
| 003 |
DE-627 |
| 005 |
20250206113604.0 |
| 007 |
tu |
| 008 |
250206s2024 xx ||||| 00| ||eng c |
| 020 |
|
|
|a 9789004688636
|
| 035 |
|
|
|a (DE-627)191657291X
|
| 035 |
|
|
|a (DE-599)KXP191657291X
|
| 040 |
|
|
|a DE-627
|b ger
|c DE-627
|e rda
|
| 041 |
|
|
|a eng
|
| 084 |
|
|
|a 2,1
|2 ssgn
|
| 100 |
1 |
|
|a Trivett, Joslyn Rose
|e VerfasserIn
|4 aut
|
| 245 |
1 |
0 |
|a First-person experiences of science in prison
|b writings from the sustainability in prisons project
|c Joslyn Rose Trivett
|
| 264 |
|
1 |
|c 2024
|
| 300 |
|
|
|b Illustrationen
|
| 336 |
|
|
|a Text
|b txt
|2 rdacontent
|
| 337 |
|
|
|a ohne Hilfsmittel zu benutzen
|b n
|2 rdamedia
|
| 338 |
|
|
|a Band
|b nc
|2 rdacarrier
|
| 500 |
|
|
|a Literaturverzeichnis: Seite 57
|
| 650 |
0 |
7 |
|0 (DE-588)4057808-2
|0 (DE-627)106149415
|0 (DE-576)20912377X
|a Strafvollzug
|2 gnd
|
| 650 |
0 |
7 |
|0 (DE-588)4073137-6
|0 (DE-627)106093193
|0 (DE-576)209189517
|a Justizvollzugsanstalt
|2 gnd
|
| 650 |
0 |
7 |
|0 (DE-588)4219232-8
|0 (DE-627)105027154
|0 (DE-576)21025470X
|a Straffälliger
|2 gnd
|
| 650 |
0 |
7 |
|0 (DE-588)1175990566
|0 (DE-627)1047128993
|0 (DE-576)516472445
|a MINT-Fächer
|2 gnd
|
| 650 |
0 |
7 |
|0 (DE-588)4035408-8
|0 (DE-627)106247867
|0 (DE-576)20901248X
|a Lernen
|2 gnd
|
| 650 |
0 |
7 |
|0 (DE-588)4006650-2
|0 (DE-627)106376810
|0 (DE-576)208866450
|a Bildung
|2 gnd
|
| 651 |
|
7 |
|0 (DE-588)4078704-7
|0 (DE-627)106076612
|0 (DE-576)209209682
|a Usa
|2 gnd
|
| 773 |
0 |
8 |
|i Enthalten in
|t STEM education in US prisons
|d Leiden : Brill, 2024
|g (2024), Seite 37-57
|h xv, 216 Seiten
|w (DE-627)1880131552
|z 9789004688636
|z 9789004688629
|7 nnam
|
| 773 |
1 |
8 |
|g year:2024
|g pages:37-57
|
| 776 |
1 |
|
|o 10.1163/9789004688643_003
|
| 951 |
|
|
|a AR
|
| ELC |
|
|
|b 1
|
| LOK |
|
|
|0 000 xxxxxcx a22 zn 4500
|
| LOK |
|
|
|0 001 4661549260
|
| LOK |
|
|
|0 003 DE-627
|
| LOK |
|
|
|0 004 191657291X
|
| LOK |
|
|
|0 005 20250206112533
|
| LOK |
|
|
|0 008 250206||||||||||||||||ger|||||||
|
| LOK |
|
|
|0 040
|a DE-2619
|c DE-627
|d DE-2619
|
| LOK |
|
|
|0 092
|o n
|
| LOK |
|
|
|0 852
|a DE-2619
|
| LOK |
|
|
|0 852 1
|9 00
|
| LOK |
|
|
|0 939
|a 06-02-25
|b l01
|
| ORI |
|
|
|a SA-MARC-krimdoka001.raw
|